| 000 | 00722nam a2200229Ia 4500 | ||
|---|---|---|---|
| 003 | OSt | ||
| 005 | 20220923220950.0 | ||
| 006 | a|||||r|||| 00| 0 | ||
| 007 | ta | ||
| 008 | 220922b |||||||| |||| 00| 0 hin d | ||
| 024 | _a192,925 | ||
| 037 | _cTextual | ||
| 040 |
_aARTS _cARTS _bhin |
||
| 041 |
_2hin _ahin |
||
| 082 | _aV2:1:L5, 152J7 | ||
| 100 |
_aश्रीवास्तव, आशीर्वादीलाल _9162016 |
||
| 245 | 0 | _aअवघ के प्रथम दो नवाब | |
| 246 | _aAvagh ke pratham do navāba | ||
| 260 | _c1957 | ||
| 942 |
_hV2:1:L5, 152J7 _cTEXL _2CC |
||
| 999 |
_c345446 _d345446 |
||